| 000 | 01012cam a2200289 a 4500 | ||
|---|---|---|---|
| 999 |
_c329645 _d329645 |
||
| 001 | 3435189 | ||
| 003 | NUST | ||
| 005 | 20170516155821.0 | ||
| 008 | 920306s1992 flua 000 0 eng | ||
| 010 | _a 91058036 | ||
| 020 | _a0030233437 | ||
| 040 |
_aDLC _cDLC _dDLC |
||
| 050 | 0 | 0 |
_aQD79.I5 _bS58 1992 |
| 082 | 0 | 0 |
_a543 SKO _220 |
| 100 | 1 |
_aSkoog, Douglas A. _9737 |
|
| 245 | 1 | 0 |
_aPrinciples of instrumental analysis. _cDouglas A.Skoog |
| 250 |
_a4th ed. / _bDouglas A. Skoog, James J. Leary. |
||
| 260 |
_aFort Worth : _bSaunders College Pub., _cc1992. |
||
| 300 |
_axii, 700 p. : _bill. ; _c26 cm. |
||
| 490 | 0 | _aSaunders golden sunburst series | |
| 500 | _aH.B | ||
| 504 | _aIncludes bibliographical references and index. | ||
| 650 | 0 |
_aInstrumental analysis _vTextbooks. _9921 |
|
| 700 | 1 |
_aLeary, James J. _9922 |
|
| 906 |
_a7 _bcbc _corignew _d2 _eocip _f19 _gy-gencatlg |
||
| 942 |
_2ddc _cBK _k543 SKO |
||